Fr. Conceicao Rodrigues College of Engineering

Distributed systems & computer networks (Record no. 20776)

MARC details
000 -LEADER
fixed length control field 00304nam a2200133Ia 4500
100 ## - MAIN ENTRY--PERSONAL NAME
Personal name Sloman M.& kramer J
245 ## - TITLE STATEMENT
Title Distributed systems & computer networks
260 ## - PUBLICATION, DISTRIBUTION, ETC.
Name of publisher, distributor, etc. prentice hall
Place of publication, distribution, etc. U.K
Date of publication, distribution, etc. 1987
300 ## - PHYSICAL DESCRIPTION
Extent 336
546 ## - LANGUAGE NOTE
Language note ENGLISH
654 ## - SUBJECT ADDED ENTRY--FACETED TOPICAL TERMS
Focus term computer networks
942 ## - ADDED ENTRY ELEMENTS (KOHA)
Koha item type BOOK
Holdings
Withdrawn status Lost status Damaged status Not for loan Collection Home library Current library Date acquired Source of acquisition Cost, normal purchase price Inventory number Total Checkouts Full call number Barcode Date last seen Cost, replacement price Price effective from Koha item type
        CRC Fr. Agnel's C.Rodrigues College of Engineering Fr. Agnel's C.Rodrigues College of Engineering 17/03/2023 Progressive Books 413.10 2042 dt 15.07.92   3694 17/03/2023 413.10 15/07/1992 BOOK